| 000 -NÁVESTIE |
| fixed length control field |
01054nam a2200301 a 4500 |
| 001 - EVIDENČNÉ ČÍSLO ZÁZNAMU - Kontrolné číslo |
| control field |
vtls001522913 |
| 005 - DÁTUM A ČAS POSLEDNEJ TRANSAKCIE |
| control field |
20220114133456.0 |
| 008 - ÚDAJE S PEVNOU DĹŽKOU – VŠEOBECNÉ INFORMÁCIE |
| fixed length control field |
171201s2004 xo dab f 000 0 cze |
| 020 ## - MEDZINÁRODNÉ ŠTANDARDNÉ ČÍSLO KNIHY (ISBN) |
| Medzinárodné štandardné číslo knihy (ISBN) |
8096804553 |
| Qualifying information |
(viaz.) |
| 040 ## - ZDROJ KATALOGIZÁCIE |
| Pôvodná katalogizujúca agentúra |
SNK |
| Jazyk katalogizácie |
slo |
| Prepisujúca agentúra |
SNK |
| 041 1# - KÓD JAZYKA |
| Kód jazyka textu/zvukovej stopy alebo samostatných nápisov |
cze |
| Kód jazyka originálu a/alebo sprostredkujúcich prekladov textu |
slo |
| 044 ## - KÓD KRAJINY VYDAVATEĽA/PRODUCENTA |
| Kód krajiny MARC |
xo |
| Kód krajiny ISO |
SK |
| 072 #7 - KÓD PREDMETOVEJ KATEGÓRIE |
| Kód predmetovej kategórie |
27-1/-2 |
| Pododdiel kódu predmetovej kategórie |
Kresťanská teológia. Dogmatická teológia |
| Zdroj |
konspekt |
| 080 ## - ČÍSLO MEDZINÁRODNÉHO DESATINNÉHO TRIEDENIA (MDT) |
| Číslo Medzinárodného desatinného triedenia (MDT) |
27-167.2 |
| Identifikátor vydania |
MDT-MRF |
| 080 ## - ČÍSLO MEDZINÁRODNÉHO DESATINNÉHO TRIEDENIA (MDT) |
| Číslo Medzinárodného desatinného triedenia (MDT) |
27-584 |
| Identifikátor vydania |
MDT-MRF |
| 080 ## - ČÍSLO MEDZINÁRODNÉHO DESATINNÉHO TRIEDENIA (MDT) |
| Číslo Medzinárodného desatinného triedenia (MDT) |
(0.062) |
| Identifikátor vydania |
MDT-MRF |
| 100 1# - OSOBNÉ MENÁ – VŠEOBECNÉ INFORMÁCIE |
| Osobné meno |
Páleš, Emil, |
| Dátumy súvisiace s menom |
1966- |
| -- |
2489 |
| 245 10 - NÁZOV |
| Názov |
Angelologie dějin |
| Číslo časti diela |
1 |
| Názov časti diela |
Synchronicita a periodicita v dějinách |
| Údaj o zodpovednosti atď. |
Emil Páleš ; [překlad ze slovenštiny: Kamila Poláková] |
| 250 ## - ÚDAJ O PORADÍ VYDANIA |
| Údaj o poradí vydania |
[1. vyd.] |
| 260 ## - VYDAVATEĽSKÉ ÚDAJE, DISTRIBÚCIA ATĎ. |
| Miesto publikovania, distribúcie atď. |
Bratislava |
| Názov vydavateľa, distibútora atď. |
Sophia |
| Dátum publikovania, distribúcie atď. |
2004 |
| 300 ## - FYZICKÝ POPIS |
| Rozsah |
480 s. |
| Ďalšie fyzické detaily |
fareb. fotogr., ilustr., grafy., mp. |
| Rozmery |
30 cm |
| 490 1# - EDÍCIA |
| Edícia |
Základy duchovní vědy |
| Zväzok/sekvenčné označenie |
2 |
| 650 07 - PRIDANÝ VSTUP – PREDMET – TEMATICKÉ HESLO |
| Tematické heslo alebo geografický názov ako vstupný prvok |
angelológia |
| Zdroj hesla alebo termínu |
SNKPH |
| -- |
2490 |
| 650 07 - PRIDANÝ VSTUP – PREDMET – TEMATICKÉ HESLO |
| Tematické heslo alebo geografický názov ako vstupný prvok |
duchovný život |
| Zdroj hesla alebo termínu |
SNKPH |
| -- |
2491 |
| 650 07 - PRIDANÝ VSTUP – PREDMET – TEMATICKÉ HESLO |
| Tematické heslo alebo geografický názov ako vstupný prvok |
anjeli |
| Zdroj hesla alebo termínu |
SNKPH |
| -- |
2492 |
| 655 #7 - INDEXAČNÝ TERMÍN – ŽÁNER/FORMA |
| Údaje o žánri/forme alebo termín, ktorý je prvok fazety |
populárno-náučné publikácie |
| Zdroj termínu |
SNKPH |
| -- |
1486 |
| 700 1# - PRIDANÝ VSTUP – OSOBNÉ MENO |
| Osobné meno |
Poláková, Kamila |
| Kód roly |
trl |
| -- |
2493 |